00650cam a2200229 i 45000010008000000030009000080050017000170070008000340080039000420150006000810170009000870200015000960350006001110400025001170800006001421000027001482450116001752600056002913000019003475000021003665000033003870000570DO-SdBNP20160726090335.00000570100514s 1997 xxu 000 f spa  a  a b  a081440359X a  aBPMSUbspacBPMSUe  a 1 aLucas, James R.d1950-10aFatal Illusions bshredding a dozen unrealities that can keep your organization from success /cJames R. Lucas  aNew York :bAmerican management association,c1997. a228 p.: c23 m aIncluye índice aedición de miembros de AMA